000 02103nam a22003737a 4500
001 42835
003 gtgccic
005 20251028123427.0
007 ta
008 251028b gt ||||| |||| 00| 0 spa d
040 _agtgccic
_bspa
_cgtgccic
_erda
084 _0TPI-15-0090
100 1 0 _aJonatan Benjamín Solares Salazar
_dIngeniero Mecánico
_eautor
245 1 0 _aAnálisis modal de fallos y efectos para evaluar los factores que regulan la eficiencia del proceso de producción de varilla de acero corrugado /
_cSolares Salazar, Jonatan Benjamín
264 1 _aGuatemala, Guatemala :
_bUSAC, Facultad de Ingeniería ;
_c2015.-
300 _axxxvii, 124 p. :
_bil. ;
_c27 cm
336 _2rdacontenido
_aTexto
_btxt
337 _2rdamedio
_asin mediación
_bn
338 _2rdasoporte
_avolumen
_bnc
502 _aTesis Postgrado
_bMAESTRO EN GESTIÓN INDUSTRIAL
_cUSAC, Facultad de Ingeniería, Escuela de Postgrado
_d2015
_oTPI-15-0090
504 _aBibliografía pag. 107
505 _t1. MARCO TEÓRICO
505 _t2. MARCO METODOLÓGICO
505 _t3. RECURSOS NECESARIOS
505 _t4. RESULTADOS
505 _t5. DISCUSIÓN DE RESULTADOS
520 3 _aEntre las investigaciones consultadas sobre el proceso de laminación para la fabricación de varilla de acero corrugado y el análisis de procesos, se presentan las que ayudan al desarrollo y comprensión del tema. En conjunto aportan los conocimientos clave para alcanzar un alto grado de entendimiento de cómo lograr los objetivos planeados. En las normas se establecen tanto las propiedades físicas que deben llenar los aceros, como las características químicas que coadyuvan al logro de tales propiedades. Uno de los aspectos más importantes que contribuye al logro de las características físicas señaladas, la constituye el proceso de laminación a que se sosmete el acero, para conseguir un producto final de óptimas condiciones.
650 _aPRODUCCIÓN
650 _aEFICIENCIA
650 _aACERO
700 _aDr. Sc. Ing. Roberto A. Aguilar Rivas
_easesor
942 _2ddc
_cTPS
945 _aamlo
999 _c2460
_d2460